|
|
|
|
| LEADER |
01102cam a22002531 4500 |
| 001 |
9223561 |
| 005 |
20210426103053.0 |
| 008 |
810815s1932 xx a 000 0 fre |
| 040 |
|
|
|a GR-PaULI
|c GR-PaULI
|d
|b gre
|e AACR2
|
| 041 |
|
|
|a fre
|
| 082 |
|
|
|2 23
|a 617.540 59
|
| 100 |
1 |
|
|a Schwartz, Anselme,
|d 1872-
|e συγγραφέας
|
| 245 |
1 |
0 |
|a Chirurgie du thorax et du membre superieur /
|c par A. Schwartz et G. Metivet.
|
| 250 |
|
|
|a 6. ed., entierement refondue, avec 335 figures dans le texte.
|
| 260 |
|
|
|a Paris :
|b Masson et cie,
|c 1932.
|
| 300 |
|
|
|a viii, 286 s. :
|b εικ. ;
|c 20 εκ.
|
| 490 |
0 |
|
|a Precis de technique operatoire
|
| 650 |
|
0 |
|9 32027
|a Θώρακας
|x Ασθένειες
|
| 650 |
|
0 |
|a Θώρακας
|x Χειρουργική
|9 32013
|
| 700 |
1 |
|
|a Metivet, Gaston
|9 159362
|e συγγραφέας
|
| 830 |
|
|
|a Precis de technique operatoire
|9 159363
|
| 942 |
|
|
|2 ddc
|c BK15
|
| 952 |
|
|
|0 0
|1 0
|2 ddc
|4 0
|6 617_540000000000000_59_SCH
|7 0
|9 208951
|a LISP
|b LISP
|c DON
|d 2017-01-19
|e ΠΛΜ
|i 135592
|l 0
|o 617.540 59 SCH
|p 025000253556
|r 2017-01-19 00:00:00
|t 1
|v 2017.00
|w 2017-01-19
|y BK15
|
| 999 |
|
|
|c 127099
|d 127099
|